00842nam a2200193 a 450000100100000000500170001000800410002704000250006808200160009310000320010924501540014126000640029530000200035950400270037950000430040604900090044995201730045899900170063100003241920200930065630.0110718s1952 dr 000 0 spa d aDO-SdBNPbspacBNPHU axxxxbL864r1 aLópez-Penha, H. H.95837910aReseña histórica del supremo consejo del grado 33 y último del rito escocés y aceptado para la República Dominicana /cH. H. López-Penha. aCiudad Trujillo, República Dominicana :bMontalvo,c1952. a81 p. ;c23 cm. aBibliografía : p. 81 aInlcuye notas al pie de las páginas. aBNPD 001050718RVaPDbPDcCTd2011-07-18iLF1l0oxxxx L864rp32419-10r2020-06-25w2020-06-25y1zPerteneció a la biblioteca personal de Martínez Boog.ZNo se presta c31910d31910